All-Time USMNT Leading Scorers - Statistics

General Stats
  • This quiz has been taken 30 times
  • The average score is 6 of 13
Answer Stats
Goals Answer % Correct
27 Christian Pulisic
100%
57 Clint Dempsey
97%
57 Landon Donovan
97%
42 Jozy Altidore
73%
17 Michael Bradley
57%
29 Brian McBride
53%
17 DaMarcus Beasley
40%
19 Eddie Johnson
27%
34 Eric Wynalda
23%
15 Jesús Ferreira
23%
24 Joe Max-Moore
20%
17 Earnie Stewart
17%
21 Bruce Murray
7%
No matching quizzes found
Score Distribution
Percent of People with Each Score
Percentile by Number Answered
Your Score History
You have not taken this quiz